Which Former Yugoslavian Country - Click Quiz - Statistics

General Stats
  • This quiz has been taken 129 times
  • The average score is 13 of 20
Answer Stats
Hint Answer % Correct
Longest coastline Croatia
85%
It was named after the ancient Greek region North Macedonia
83%
Smallest by area Kosovo
80%
Have territory in the Alps Slovenia
80%
Novak Djokovic is from there Serbia
78%
Dubrovnik is located there Croatia
77%
Southernmost North Macedonia
77%
Skopje is the capital North Macedonia
75%
Largest by area Serbia
75%
Not a member of the UN Kosovo
72%
Most populated Serbia
72%
Northernmost Slovenia
72%
Winter Olympics were held there Bosnia and Herzegovina
69%
Albanians make up the majority of the population Kosovo
67%
Played in the FIFA World Cup final Croatia
65%
There are almost equal numbers of Muslims and Christians Bosnia and Herzegovina
62%
Convertible mark is the currency Bosnia and Herzegovina
49%
Least populated Montenegro
48%
Lake Skadar is located there Montenegro
33%
Largest GDP Slovenia
28%
No matching quizzes found
Score Distribution
Percent of People with Each Score
Percentile by Number Answered
Your Score History
You have not taken this quiz